书目信息 |
| 题名: |
打造丝绸之路经济带上的战略高地
|
|
| 作者: | 王琴梅 著 | |
| 分册: | ||
| 出版信息: | 西安 陕西师范大学出版社 2016 |
|
| 页数: | 511页 | |
| 开本: | 25cm | |
| 丛书名: | ||
| 单 册: | ||
| 中图分类: | F127.41 | |
| 科图分类: | ||
| 主题词: | 区域经济发展--研究--陕西省 | |
| 电子资源: | ||
| ISBN: | 978-7-5613-8634-7 | |
| 000 | 01306nam0 2200265 450 | |
| 001 | 3391 | |
| 005 | 20180527153756.25 | |
| 010 | @a978-7-5613-8634-7@dCNY60.00 | |
| 100 | @a20171018d2016 em y0chiy50 ea | |
| 101 | 0 | @achi |
| 102 | @aCN@b610100 | |
| 105 | @ay z 000yy | |
| 200 | 1 | @a打造丝绸之路经济带上的战略高地@9da zao si chou zhi lu jing ji dai shang de zhan lue gao di@e陕西经济发展研究@f王琴梅著 |
| 210 | @a西安@c陕西师范大学出版社@d2016 | |
| 215 | @a511页@d25cm | |
| 300 | @a陕西师范大学“一带一路”智库集成 | |
| 300 | @a丝绸之路通鉴/甘晖主编 | |
| 314 | @a王琴梅,陕西师范大学教授,博士生导师。致力于发展经济学、区域经济学的研究,已出版《分享改进论》等著作,发表学术论文60余篇,主持省部级以上课题7项,获奖多项。 | |
| 330 | @a本书致力于研究在我国大力实施“丝绸之路经济带”建设战略的背景下,陕西作为古代丝绸之路的起点,如何努力将自己打造成现代“丝绸之路经济带”上的新起点和战略高地。为此,本书在以下三个方面进行了研究:充分发挥陕西资源禀赋特色和区位优势,努力打造“三中心三基地”;加快陕西新型城镇化进程,打造西北一级增长极;调结构、促转型、保秦岭,打造绿色陕西。 | |
| 517 | 1 | @a陕西经济发展研究@9shan xi jing ji fa zhan yan jiu |
| 606 | 0 | @a区域经济发展@x研究@y陕西省 |
| 690 | @aF127.41@v5 | |
| 701 | 0 | @a王琴梅@9wang qin mei@4著 |
| 801 | 0 | @aCN@b91MARC@c20171018 |
| 905 | @aMuseLib@dF127.41@e324 | |
| 打造丝绸之路经济带上的战略高地:陕西经济发展研究/王琴梅著.-西安:陕西师范大学出版社,2016 |
| 511页;25cm |
| 陕西师范大学“一带一路”智库集成.-丝绸之路通鉴/甘晖主编 |
| ISBN 978-7-5613-8634-7:CNY60.00 |
| 本书致力于研究在我国大力实施“丝绸之路经济带”建设战略的背景下,陕西作为古代丝绸之路的起点,如何努力将自己打造成现代“丝绸之路经济带”上的新起点和战略高地。为此,本书在以下三个方面进行了研究:充分发挥陕西资源禀赋特色和区位优势,努力打造“三中心三基地”;加快陕西新型城镇化进程,打造西北一级增长极;调结构、促转型、保秦岭,打造绿色陕西。 |
| ● |
| 相关链接 |
|
|
|
|
正题名:打造丝绸之路经济带上的战略高地
索取号:F127.41/324
 
预约/预借
| 序号 | 登录号 | 条形码 | 馆藏地/架位号 | 状态 | 备注 |
| 1 | 1109016 | 211090166 | 第一样本阅览室/ [索取号:F127.41/324] | 在馆 | |
| 2 | 1109017 | 211090175 | 教育系资料室/ [索取号:F127.41/324] | 在馆 | |
| 3 | 1109018 | 211090184 | 教育系资料室/ [索取号:F127.41/324] | 在馆 | |
| 4 | 1109019 | 211090193 | 第一借阅区/ [索取号:F127.41/324] | 在馆 |